Sports Stars on Stamps Quiz Stats

 Plays Quiz Updated Aug 22, 2017

Score 0/60 Timer 08:00
0 Plays Today
Year Appeared Athlete % Correct
1983George Herman 'Babe' Ruth
83.9%
2012Ted Williams
61.4%
1997Vince Lombardi
56.9%
1982Jackie Robinson
55.4%
2000Walter Johnson
54.9%
2006Sugar Ray Robinson
54.1%
2006Mickey Mantle
53.6%
1989Lou Gehrig
52.5%
2005Arthur Ashe
49.8%
2012Joe DiMaggio
45.9%
1990Jesse Owens
44.1%
2000Ty Cobb
40.4%
1981Bobby Jones
40.2%
2014Wilt Chamberlain
39.9%
1961James Naismith
37.8%
1997Paul 'Bear' Bryant
33.8%
2000Cy Young
32.2%
1993Joe Louis
30.5%
1999Rocky Marciano
25.9%
1984Roberto Clemente
25.5%
1999Roger Maris
25.2%
2000Honus Wagner
24.4%
1984Jim Thorpe
23.9%
2013Althea Gibson
23.8%
1988Knute Rockne
20.4%
1997George Halas
16.1%
2000Josh Gibson
16%
2000Jimmie Foxx
15.9%
2000Satchel Paige
15.2%
2003Red Grange
13.8%
Year Appeared Athlete % Correct
2000Christy Mathewson
13.7%
1981Babe (Didrikson) Zaharias
12%
2006Mel Ott
10.8%
2000Rogers Hornsby
10.7%
2012Willie Stargell
9.8%
1998Jack Dempsey
9.1%
2006Hank Greenberg
8.2%
2000Tris Speaker
7.8%
2003Walter Camp
7.8%
2004Wilma Rudolph
7.6%
2000Dizzy Dean
6.6%
2012Larry Doby
6.6%
2006Roy Campanella
6.1%
1997Glenn Scobey 'Pop' Warner
5.9%
2000Lefty Grove
5.4%
2003Bronco Nagurski
5.2%
2000George Sisler
4.2%
2010Rube Foster
4.2%
2000Eddie Collins
3.7%
1998Don Miller
2.9%
2000Mickey Cochrane
2.3%
2000Pie Traynor
2.2%
1988Francis Ouimet
1.7%
2011Ray Harroun
1.3%
2003Ernie Nevers
1.1%
1990Eddie Eagan
0.7%
1990Ray Ewry
0.5%
1998Jim Crowley
0.5%
1998Elmer Layden
0.5%
1998Harry Stuhldreher
0.3%

You're not logged in!

Compare scores with friends on all Sporcle quizzes.
OR
Log In

You Might Also Like...

Show Comments

Extras

Top Quizzes Today


Score Distribution

Your Account Isn't Verified!

In order to create a playlist on Sporcle, you need to verify the email address you used during registration. Go to your Sporcle Settings to finish the process.

Report this User

Report this user for behavior that violates our Community Guidelines.

Details: